| 000 | nam a22 a 4500 | ||
|---|---|---|---|
| 999 |
_c3137 _d3137 |
||
| 003 | AKMAL | ||
| 005 | 20170519123031.0 | ||
| 008 | 170519s1978 usua 00 eng d | ||
| 020 | _a0070425302 | ||
| 040 | _aAKMAL | ||
| 082 | 0 | 4 | _a658.3 MIT |
| 090 | 0 | 0 |
_a658.3 _bMIT |
| 100 | 1 |
_aMitchell, Terence R. _96484 |
|
| 245 | 1 | 0 |
_aPeople in organizations : _bunderstanding their behavior / _cTerence R. Mitchell |
| 260 |
_aNew York : _bMcGraw-Hill, _cc1978 |
||
| 300 | 0 | 0 |
_axiv, 481 p : _bill ; _c25 cm |
| 490 | 0 | _aMcGraw-Hill series in management | |
| 504 | _aIncludes bibliographies and indexes | ||
| 650 | 0 |
_aManagement _91462 |
|
| 650 | 0 |
_aOrganization _92799 |
|
| 650 | 0 |
_aOrganizational behavior _9565 |
|
| 650 | 0 |
_aIndustrial relations _96036 |
|
| 942 |
_2ddc _cBOOK |
||